Indigenous method of seepage control (Record no. 554314)
[ view plain ]
| 000 -LEADER | |
|---|---|
| fixed length control field | 00478nam a22001817a 4500 |
| 082 ## - DEWEY DECIMAL CLASSIFICATION NUMBER | |
| Classification number | P-818 |
| 100 ## - MAIN ENTRY--PERSONAL NAME | |
| Personal name | Haider Ali, Capt |
| 9 (RLIN) | 51756 |
| 245 ## - TITLE STATEMENT | |
| Title | Indigenous method of seepage control |
| Remainder of title | Syn - 19 |
| 260 ## - PUBLICATION, DISTRIBUTION, ETC. | |
| Place of publication, distribution, etc. | Risalpur, |
| Name of publisher, distributor, etc. | MCE, |
| Date of publication, distribution, etc. | 2019. |
| 300 ## - PHYSICAL DESCRIPTION | |
| Extent | 47p. |
| 526 ## - STUDY PROGRAM INFORMATION NOTE | |
| Program name | 0 |
| Interest level | 0 |
| Reading level | 0 |
| Title point value | P_818 |
| 526 ## - STUDY PROGRAM INFORMATION NOTE | |
| Program name | 0 |
| Interest level | 0 |
| Reading level | 0 |
| Title point value | P_818 |
| 700 ## - ADDED ENTRY--PERSONAL NAME | |
| Personal name | Dr Naeem Shahzad |
| 9 (RLIN) | 34734 |
| 700 ## - ADDED ENTRY--PERSONAL NAME | |
| Personal name | Fawad Khan, |
| 9 (RLIN) | 51757 |
| 700 ## - ADDED ENTRY--PERSONAL NAME | |
| Personal name | Khurram ilyas, |
| 9 (RLIN) | 51758 |
| 710 ## - ADDED ENTRY--CORPORATE NAME | |
| Corporate name or jurisdiction name as entry element | Nasir Javed, |
| 9 (RLIN) | 51759 |
| 942 ## - ADDED ENTRY ELEMENTS (KOHA) | |
| Source of classification or shelving scheme | |
| Koha item type | Book |
| Withdrawn status | Lost status | Source of classification or shelving scheme | Damaged status | Not for loan | Permanent Location | Current Location | Date acquired | Total Checkouts | Full call number | Barcode | Date last seen | Price effective from | Koha item type |
|---|---|---|---|---|---|---|---|---|---|---|---|---|---|
| Military College of Engineering (MCE) | Military College of Engineering (MCE) | 11/14/2019 | P-818 | MCE-P-818 | 11/14/2019 | 11/14/2019 | Book | ||||||
| Military College of Engineering (MCE) | Military College of Engineering (MCE) | 11/14/2019 | P-818 | MCE-P-836 | 11/14/2019 | 11/14/2019 | Book |
